Úlohy orgánov dohľadu po uvedení určených výrobkov na trh diplomová práca

Salvato in:
Dettagli Bibliografici
Autore principale: Datlová, Natália
Ente Autore: Obchodná fakulta EU. Katedra služieb a cestovného ruchu - zrušené
Altri autori: Košútová, Tatiana, 1962-
Natura: Libro
Lingua:slovacco
Pubblicazione: Bratislava 2010
Tags: Aggiungi Tag
Nessun Tag, puoi essere il primo ad aggiungerne!!

MARC

LEADER 00000nam$a2200000$$$4500
001 0123499
005 20240318123658.6
041 0 |a slo 
044 |a SK 
245 1 0 |a Úlohy orgánov dohľadu po uvedení určených výrobkov na trh  |b diplomová práca  |c Natália Datlová ; škol. Tatiana Košútová 
264 1 |a Bratislava  |c 2010 
300 |a 67 s. 
100 1 |a Datlová, Natália 
700 1 |a Košútová, Tatiana, 1962- 
710 2 |a Obchodná fakulta EU. Katedra služieb a cestovného ruchu - zrušené